| Tag |
First Indicator |
Second Indicator |
Subfields |
| LEADER |
00000cam a2200000 i 4500 |
| 001 |
in00001384607 |
| 005 |
20151020050756.0 |
| 008 |
760827s1800 enkbf 001 0 eng d |
| 035 |
|
|
|a (OCoLC)02400075
|
| 035 |
|
|
|9 AHL5905AM
|
| 040 |
|
|
|a MIA
|c MIA
|d IXA
|d TXA
|d UtOrBLW
|
| 041 |
1 |
|
|a eng
|a fre
|h fre
|
| 049 |
|
|
|a TXAM
|
| 090 |
|
|
|a DT53
|b .S69 1800x
|
| 100 |
1 |
|
|a Sonnini, C. S.
|q (Charles Sigisbert),
|d 1751-1812.
|
| 245 |
1 |
0 |
|a Travels in upper and lower Egypt :
|b undertaken by order of the old government of France /
|c by C. S. Sonnini.
|
| 264 |
|
3 |
|a London :
|b Printed for J. Debrett,
|c 1800
|
| 264 |
|
3 |
|b S. Gosnell
|
| 300 |
|
|
|a xl, 730 pages, 28 leaves of plates :
|b folded map ;
|c 27 cm.
|
| 336 |
|
|
|a text
|b txt
|2 rdacontent
|
| 337 |
|
|
|a unmediated
|b n
|2 rdamedia
|
| 338 |
|
|
|a volume
|b nc
|2 rdacarrier
|
| 500 |
|
|
|a Translation of Voyage dans la haute et basse Égypte.
|
| 500 |
|
|
|a Includes index.
|
| 500 |
|
|
|a Cushing copy: Rex B. Grey collection.
|
| 651 |
|
0 |
|a Egypt
|x Description and travel.
|
| 650 |
|
0 |
|a Natural history
|z Egypt.
|
| 999 |
|
|
|a MARS
|
| 999 |
f |
f |
|s 760c38a5-a192-3996-aabc-48547986ffa4
|i e68f3704-cc7f-3c0e-94ff-6dd6ec8442ba
|t 0
|
| 952 |
f |
f |
|p noncirc
|a Texas A&M University
|b College Station
|c Cushing Memorial Library & Archives
|d Cushing: Rare Books (Does not check out)
|t 0
|e DT53 .S69 1800
|h Library of Congress classification
|i unmediated -- volume
|
| 998 |
f |
f |
|a DT53 .S69 1800
|t 0
|l Cushing: Rare Books (Does not check out)
|